000 00641nam a22002057a 4500
003 koha_MIRAKIL
005 20251027150639.0
008 251027b |||||||| |||| 00| 0 ||| d
020 _a9789752522473
040 _aTR-IsEVY
_btur
_cTR-IsEVY
041 _atur
082 _a92ATA ÖZY/B
100 _aÖzyalçıner, Adnan
245 0 _aBüyük Önder Atatürk'ten çocuklara öyküler /
_cAdnan Özyalçıner
250 _a3.bs.
260 _bBüyülü Fener Yayınları,
_aİstanbul :
_c2019.
300 _a95 s. :
_bresimli ;
_c19 cm.
650 _aÇocuk Edebiyatı.
_vMustafa Kemal Atatürk.
_vÇocuk Öyküleri.
942 _2ddc
_cBK
999 _c22817
_d22817